|
|
|
|
| LEADER |
00969nam a22003132i 4500 |
| 001 |
001570347 |
| 003 |
CZ BrMZK |
| 005 |
20170331090621.0 |
| 007 |
ta |
| 008 |
170331s1909 xr er 000 0 cze |
| 040 |
|
|
|a BOA001
|b cze
|e rda
|
| 100 |
1 |
|
|a Němcová, Božena
|7 hka2012680210
|4 aut
|
| 245 |
1 |
0 |
|a Chyže pod horami :
|b obrázek ze Slovenska /
|c Němcová
|
| 250 |
|
|
|a Druhé vydání
|
| 264 |
|
1 |
|a Praha :
|b Ján Laichter,
|c 1909
|
| 300 |
|
|
|a 55 stran ;
|c 16 cm
|
| 336 |
|
|
|a text
|b txt
|2 rdacontent
|
| 336 |
|
|
|a text
|b txt
|2 rdacontent
|
| 337 |
|
|
|a bez média
|b n
|2 rdamedia
|
| 337 |
|
|
|a bez média
|b n
|2 rdamedia
|
| 338 |
|
|
|a svazek
|b nc
|2 rdacarrier
|
| 338 |
|
|
|a svazek
|b nc
|2 rdacarrier
|
| 490 |
1 |
|
|a Žeň z literatur ;
|v svazek XI.
|
| 501 |
|
|
|a Přívazek k: Divá Bára / Božena Němcová
|
| 830 |
|
0 |
|a Žeň z literatur
|0 s
|
| 910 |
|
|
|a BOA001
|b 1-1385.479,přív.3
|
| 990 |
|
|
|a BK
|
| 993 |
|
|
|a Y
|
| 994 |
|
|
|a UP
|l MZK01
|b 001569003
|m přívazek 3
|n záznam 1. díla
|